Ignored but not forgotten : Canada's English immigrants /

Bibliographic Details
Main Author: Campey, Lucille H. (Author)
Format: Book
Language:English
Published: Toronto : Dundurn Press, [2014]
Series:Campey, Lucille H. English in Canada.
English in Canada.
Subjects:

MARC

Tag First Indicator Second Indicator Subfields
LEADER 00000cam a2200000 i 4500
001 in00003494913
005 20151206125545.0
008 140522t20142014oncabc b 001 0 eng
020 |a 9781459709614 (pbk.) 
020 |a 1459709616 (pbk.) 
035 |a (OCoLC)ocn858900736 
040 |a NLC  |b eng  |e rda  |c NLC  |d CDX  |d C#P  |d UtOrBLW 
043 |a n-cn---  |a e-uk-en 
049 |a TXAM 
050 4 |a F1035.E53  |b C35 2014 
055 0 |a FC106 B7  |b C34 2014 
082 0 |a 325.2420971  |2 23 
100 1 |a Campey, Lucille H.,  |e author. 
245 1 0 |a Ignored but not forgotten :  |b Canada's English immigrants /  |c Lucille H. Campey. 
264 1 |a Toronto :  |b Dundurn Press,  |c [2014] 
264 4 |c ©2014 
300 |a 390 pages :  |b illustrations, maps, portraits ;  |c 23 cm. 
336 |a text  |b txt  |2 rdacontent 
337 |a unmediated  |b n  |2 rdamedia 
338 |a volume  |b nc  |2 rdacarrier 
490 1 |a The English in Canada 
504 |a Includes bibliographical references and index. 
505 0 |a Ignored but Not Forgotten -- The English Influx to Atlantic Canada -- Growing Numbers Who Headed for Quebec and Ontario -- Westward to Manitoba and Saskatchewan -- Even Farther West to Alberta and British Columbia -- The Great Twentieth-Century Exodus from England to Canada -- Child Immigration -- How the English Were Regarded in Canada -- Getting There: Sea Crossings and Journeys Beyond -- Canada's English Immigrants. 
650 0 |a English  |z Canada  |x History. 
650 0 |a Immigrants  |z Canada  |x History. 
651 0 |a Canada  |x Emigration and immigration. 
651 0 |a England  |x Emigration and immigration. 
800 1 |a Campey, Lucille H.  |t English in Canada. 
830 0 |a English in Canada. 
945 |a PromptCat  |b 52831 
946 |a stk 
947 |a A14842938103 
948 |a cataloged  |b h  |c 2015/2/11  |d c  |e dmitchel  |f 10:50:40 am 
994 |a 92  |b TXA 
999 |a MARS 
999 f f |s 8f7899ca-c5ca-37ee-a911-6607717627b8  |i f5addf19-e678-34d5-9645-2ae9e72825ec  |t 0 
952 f f |p normal  |a Texas A&M University  |b College Station  |c Sterling C. Evans Library  |d Evans: Library Stacks  |t 0  |e F1035.E53 C35 2014  |h Library of Congress classification  |i unmediated -- volume  |m A14842938103 
998 f f |a F1035.E53 C35 2014  |t 0  |l Evans: Library Stacks